Význam inovácií pri zvyšovaní konkurencieschopnosti krajiny diplomová práca

Gespeichert in:
Bibliographische Detailangaben
1. Verfasser: Drozdová, Monika
Körperschaft: Obchodná fakulta EU. Katedra medzinárodného obchodu
Weitere Verfasser: Pásztorová, Jana, 1960-
Format: Buch
Sprache:Slowakisch
Veröffentlicht: Bratislava 2011
Tags: Tag hinzufügen
Keine Tags, Fügen Sie das erste Tag hinzu!

MARC

LEADER 00000nam a2200000 4500
001 0147521
005 20240318124853.8
041 0 |a slo 
044 |a SK 
245 1 0 |a Význam inovácií pri zvyšovaní konkurencieschopnosti krajiny  |b diplomová práca  |c Monika Drozdová ; školiteľ: Jana Pásztorová 
264 1 |a Bratislava  |c 2011 
300 |a 79 s. 
100 1 |a Drozdová, Monika 
700 1 |a Pásztorová, Jana, 1960- 
710 2 |a Obchodná fakulta EU. Katedra medzinárodného obchodu